000 00195nam a22001097a 4500
040 _cSK
082 _a599
100 _aNA
245 _aReproductive system
260 _aNA
_bNA
_cNA
942 _cEK
999 _c10331
_d10331